000 00209nam a22000977a 4500
082 _a621.388 COL'O
245 _aCOLOR TV CIRCUIT DIAGRAMS
260 _aLAHORE
_bAWAN GROUP
_c1960
300 _a60P
942 _cBK
999 _c580608
_d580608